000 01824cam a22002414a 4500
005 20250605164218.0
008 250528s ||||||||||||||||||||||||d
035 _a20554
020 _a153777974
040 _aGR-AtMCL
_bgre
_dGR-AtMCL
_eAACR2
245 1 _aAmerica / Its People and Values: Workbook/ Tests
250 _a2nd
260 _bHarcourt Brace Jovanovich, Publishers,
_c1979
300 _a76
505 0 _aA New World to Discover and Explore, English Colonies in North America, The Colonies Move toward Independence, Writing and Adopting the Constitution, Gaining Respect from Other Nations, Linking the New Lands with the Old, Changing Ways of Earning a Living, Settling Texas and the Far East, The Nations Fights a Terrible War, Building New States on the Plains, Many Peoples Build a New Nation, New Transportation and Communication, Political Parties and the Government, America Becomes a World Leader, Steps Toward a Peaceful World, Leade of the Free nations, A New Age of Science and Technology, Final Review.
520 _aA New World to Discover and Explore, English Colonies in North America, The Colonies Move toward Independence, Writing and Adopting the Constitution, Gaining Respect from Other Nations, Linking the New Lands with the Old, Changing Ways of Earning a Living, Settling Texas and the Far East, The Nations Fights a Terrible War, Building New States on the Plains, Many Peoples Build a New Nation, New Transportation and Communication, Political Parties and the Government, America Becomes a World Leader, Steps Toward a Peaceful World, Leade of the Free nations, A New Age of Science and Technology, Final Review.
700 1 _aBiller Edward L.
_95765
700 1 _aGabriel Ralph H
_95766
700 1 _aWood Leonard C
_95767
942 _cBK
999 _c5652
_d5652